000 01476cam a2200361 a 4500
001 9077
003 FISKH
005 20251119081920.0
008 090617s2010 nyua j 000 0 eng
010 _a 2009023976
020 _a9780061894848
_qtrade bdg.
020 _a9780061894909
_qboard book
020 _a9780545402378
035 _a15778958
040 _aDLC
_cDLC
_dDLC
_beng
050 _aPE1155
082 _a 421.1
100 1 _aBrown, Margaret Wise,
_d1910-1952.
245 1 0 _aGoodnight moon ABC :
_ban alphabet book /
_cbased on the book by Margaret Wise Brown ; pictures by Clement Hurd.
260 _aNew York :
_bHarperCollins Publishers,
_c2010.
300 _a28 unnumbered pages :
_bcolor illustrations ;
_c22 x 26 cm
505 _aC
520 _aThis comforting alphabet book links words and phrases with familiar images from everyone's favorite bedtime book, Goodnight Moon. From kittens to stars to yarn, there are so many things that can be found in the great green room. Search for them all as you learn your ABCs.
521 8 _a120
_bLexile
521 8 _aC
_bRaz-Plus
650 0 _aEnglish language
_xAlphabet
_vJuvenile literature.
650 0 _aAlphabet books
_vJuvenile literature.
655 7 _aLiterature.
_2lcgft
_0https://id.loc.gov/authorities/genreForms/gf2014026415
700 1 _aHurd, Clement,
_d1908-1988,
_eillustrator
906 _a7
_bcbc
_corignew
_d1
_eecip
_f20
_gy-gencatlg
942 _2ddc
_cBK
_n0
999 _c9077
_d9077